00762cam a22002414a 4500001000500000005001700005020001700022040002300039050001300062082000800075100001700083245003100100250004500131260002200176300004300198505000800241520010300249521002400352521002000376650004200396650003600438650004600474239620231123133831.0 a978545568777 aDLCcDLCdDLCbeng00aU311.K4600a6881 aKenney, Sean10aCool castles cKenny, Sean aFirst Scholastic printing, February 2013 bScholastic c2012 a32 pages bColor illustrations c21 cm aR  aProvides instructions for using bricks from off-the-shelf LEGO products to create medieval scenes. a720 NC bLexile  aR bRaz-Plus  0aCastlesxModelsvJuvenile literature. 0aLEGO toysvJuvenile literature. 0aMilitary miniaturesvJuvenile literature.